W.B. Yeats : (Record no. 9068)
[ view plain ]
| 000 -LEADER | |
|---|---|
| fixed length control field | 00837nam a2200277 a 4500 |
| 001 - CONTROL NUMBER | |
| JCCL Control Number | 9068 |
| 003 - CONTROL NUMBER IDENTIFIER | |
| JCCL marc code | BD-JhCC |
| 005 - DATE AND TIME OF LATEST TRANSACTION | |
| control field | 20180308110815.0 |
| 008 - FIXED-LENGTH DATA ELEMENTS--GENERAL INFORMATION | |
| fixed length control field | 180308s1988 enkach 001 0beng d |
| 020 ## - INTERNATIONAL STANDARD BOOK NUMBER | |
| International Standard Book Number | 0091739381 |
| 035 ## - SYSTEM CONTROL NUMBER | |
| system control number | (BD-JhCC)9068 |
| 040 ## - CATALOGING SOURCE | |
| Original cataloging agency | BD-JhCC |
| Modifying agency | BD-JhCC |
| 041 ## - LANGUAGE CODE | |
| Language code of Book | eng |
| 050 #0 - LIBRARY OF CONGRESS CALL NUMBER | |
| Classification number | PR5906 |
| 050 00 - LIBRARY OF CONGRESS CALL NUMBER | |
| Classification number | PR5906 |
| Item number | .J419 1988 |
| 082 ## - DEWEY DECIMAL CLASSIFICATION NUMBER | |
| Classification number | 821/.8 |
| DDC Edition number | 19 |
| Author mark and Year | JEF 1962 |
| 100 1# - MAIN ENTRY--PERSONAL NAME | |
| Personal name | Jeffares, A. Norman |
| Fuller form of name | (Alexander Norman), |
| Dates associated with a name | 1920-2005 |
| 245 10 - TITLE STATEMENT | |
| Title | W.B. Yeats : |
| Remainder of title | a new biography / |
| Statement of responsibility, etc | A. Norman Jeffares |
| 260 ## - PUBLICATION, DISTRIBUTION, ETC. (IMPRINT) | |
| Place of publication, distribution, etc | London : |
| Name of publisher, distributor, etc | Hutchinson, |
| Date of publication, distribution, etc | 1988 |
| 300 ## - PHYSICAL DESCRIPTION | |
| Pagination | x, 365p. : |
| Other physical details | ill., ports., facsims. ; |
| Dimensions | 21 cm |
| 504 ## - BIBLIOGRAPHY, ETC. NOTE | |
| Bibliography, etc | Bibliography: p365-369. - Includes index |
| 600 10 - SUBJECT ADDED ENTRY--PERSONAL NAME | |
| Personal name | Yeats, W. B. |
| Fuller form of name | (William Butler), |
| Dates associated with a name | 1865-1939. |
| 650 #0 - SUBJECT ADDED ENTRY--TOPICAL TERM | |
| Topical term or geographic name as entry element | Authors, Irish |
| Chronological subdivision | 20th century |
| Form subdivision | Biography |
| 942 ## - ADDED ENTRY ELEMENTS (KOHA) | |
| Source of classification or shelving scheme | Dewey Decimal Classification |
| Koha item type | Books |
| Source of classification or shelving scheme | Damaged status | Not for loan | Home library | Current library | Shelving location | Total Checkouts | Full call number | Barcode | Date last seen | Copy number | Koha item type |
|---|---|---|---|---|---|---|---|---|---|---|---|
| Dewey Decimal Classification | JCC Rouf Library | JCC Rouf Library | General Stacks | 821/.8 JEF 1962 | 12132 | 03/08/2018 | C - 1 | Books |